Géographie de l'Europe par lettre - V - Statistiques

Statistiques générales
  • Ce quiz a été pris 308 fois
  • Le résultat moyen est 11 sur 20
Statistiques - réponses
Indice Réponse % Correct
Palais royal de Louis XIV Château de {Versailles}
100%
Capitale autrichienne Vienne
98%
Ville italienne des gondoles, des canaux et de carnaval Venise
94%
Plus petit pays au monde, son souverain est le pape Vatican
93%
Capitale polonaise Varsovie
92%
Volcan italien responsable de l'anéantissement de Pompéi Vésuve
91%
Capitale lituanienne Vilnius
84%
Bois de l'est de Paris Bois de {Vincennes}
82%
Fleuve russe, le plus long d'Europe Volga
81%
Nom moderne de Stalingrad Volgograd
56%
Communauté autonome espagnole Valence
46%
Canton suisse, sa capitale est Lausanne Vaud
43%
Parc national français situé en Savoie Parc national de la {Vanoise}
36%
Fleuve la traversant Vistule
32%
Une des trois régions historiques de Roumanie Valachie
21%
Canton suisse bilingue du sud du pays Valais
21%
Région naturelle entre la Normandie et l'Île de France Vexin
21%
Province autonome de Serbie Voïvodine
9%
Nom des subdivisions polonaises Voïvodies
6%
Canyon grec, le plus profond au monde par rapport à sa largeur Gorges de {Vikos}
2%
Aucun quiz correspondant
Distribution des résultats
% des personnes avec chaque résultat
Percentile par nombre de réponses
Votre historique - résultats
Vous n’avez pas pris ce quiz